Manejo del árbol urbano : (Registro nro. 4401)

Detalles MARC
000 -CABECERA
Campo de control 00826nam a2200217 i 4500
005 - FECHA Y HORA DE LA ULTIMA TRANSACCION
Campo de control 20160301135350.0
008 - ELEMENTOS DE LONGITUD FIJA—INFORMACION GENERAL
Campo de control 140314s2002 ck ao gr|||| 000 0 spa d
040 ## - FUENTE DE CATALOGACIÓN
Agencia catalogadora original CO-BoIAVH
Agencia transcriptora CO-BoIAVH
041 0# - IDIOMA
Código de idioma para texto/pista de sonido o título separado Español
044 ## - PAÍS DE PUBLICACIÓN
País de publicación Colombia
082 04 - NUMERO DE CLASIFICACION DECIMAL DEWEY
Número de clasificación 582.16
Número del ítem A47m
100 1# - ASIENTO PRINCIPAL--NOMBRE PERSONAL
Nombre personal Alvarado Zambrano, Bernabé
9 (RLIN) 8639
245 10 - MENCION DE TITULO
Título Manejo del árbol urbano :
Parte restante del título aspectos generales para el mantenimiento de árboles ornamentales
Mención de responsabilidad Bernabé Alvarado Zambrano .
260 ## - PUBLICACION, DISTRIBUCION, ETC. (PIE DE IMPRENTA)
Lugar de publicación, distribución, etc. Medellín :
Nombre del editor, distribuidor, etc. CORANTIOQUIA:
-- IDEA:
-- Alcaldía de Medellín:
-- Empresa de Desarrollo Urbano,
Fecha de publicación, distribución, etc. 2002.
300 ## - DESCRIPCION FISICA
Extensión 170 páginas :
Dimensiones 27 x 21 cm.
Otros detalles físicos Ilustraciones, fotografías ;
504 ## - NOTA DE BIBLIOGRAFIA, ETC.
Nota de bibliografía Incluye referencias bibliográficas: página 170.
650 14 - ASIENTO SECUNDARIO DE MATERIA - TERMINO TEMATICO
Término temático o nombre geográfico como elemento de entrada Árboles
9 (RLIN) 63227
650 24 - ASIENTO SECUNDARIO DE MATERIA - TERMINO TEMATICO
Término temático o nombre geográfico como elemento de entrada Árboles ornamentales
9 (RLIN) 63228
650 24 - ASIENTO SECUNDARIO DE MATERIA - TERMINO TEMATICO
Término temático o nombre geográfico como elemento de entrada Zonas verdes
9 (RLIN) 63229
942 ## - ELEMENTOS ADICIONALES (KOHA)
Tipo de ítem Libro
Sistema de clasificación Dewey Decimal Classification
Existencias
Withdrawn status Lost status Sistema de Clasificación Damaged status No para préstamo Colección Inventariado Ubicación Permanente Ubicación actual Fecha de adquisición Fuente de Valor Valor Total Checkouts Número topográfico Inventario / Código de Barras Date last seen Ejemplar Price effective from Forma de adquisición Tipo de material
    Dewey Decimal Classification     General Inventariado 2017 Bogotá Bogotá 13/03/2008 Instituto 15000.00   LB-582.16 A47m 025757 04/12/2012 Ej. 1 04/12/2012   Libro
    Dewey Decimal Classification     General Inventariado 2017 Sala Fabio Quevedo Sala Fabio Quevedo 21/04/2005 Instituto 15000.00   LB-582.16 A47m 017820 04/12/2012 Ej. 2 04/12/2012   Libro